Central Library and Information Centre
Sibsagar Girls' College, Sivasagar : Assam

AQUACULTURE (Record no. 15721)

MARC details
000 -LEADER
fixed length control field 00400cam a2200169ua 4500
008 - FIXED-LENGTH DATA ELEMENTS--GENERAL INFORMATION
fixed length control field 120425n2008 II |||gr||||Z||||||eng
040 ## - CATALOGING SOURCE
Original cataloging agency MAIN
041 ## - LANGUAGE CODE
-- English
082 ## - DEWEY DECIMAL CLASSIFICATION NUMBER
Classification number 639.8 RED
100 ## - MAIN ENTRY--PERSONAL NAME
Personal name REDDY , RAJENDRA .
245 ## - TITLE STATEMENT
Title AQUACULTURE
260 ## - PUBLICATION, DISTRIBUTION, ETC.
Place of publication, distribution, etc. NEW DELHI
Name of publisher, distributor, etc. COMMONWEALTH PUBLISHERS
Date of publication, distribution, etc. 2008
300 ## - PHYSICAL DESCRIPTION
Extent 297:
Dimensions 22CM.
700 ## - ADDED ENTRY--PERSONAL NAME
Personal name SHANKAR , J.P.ABHAY.
942 ## - ADDED ENTRY ELEMENTS (KOHA)
Koha item type Books
Holdings
Withdrawn status Lost status Damaged status Not for loan Collection code Home library Current library Shelving location Date acquired Full call number Barcode Date last seen Copy number Price effective from Koha item type
        REFHMSC Central Library and Information Centre Sibsagar Girls College Central Library and Information Centre Sibsagar Girls College Home Science Rack 23.02.2010 639.8 RED 24515 27.02.2020 1 27.02.2020 Books


Sibsagar Girl's College © 2020. All rights reserved.
Powered by Koha.
Maintained by Abhijit Borpuzari.